000 00512nam a2200217Ia 4500
003 OSt
005 20220928142140.0
006 a|||||r|||| 00| 0
007 ta
008 220927b |||||||| |||| 00| 0 eng d
024 _a18529
037 _cTextual
040 _aSDCL
_cSDCL
_beng
041 _2eng
_aeng
082 _aB394M, M2
100 _aRoach G F
_9497476
245 0 _aGreen's functions.
260 _c1982
942 _hB394M, M2
_cTEXL
_2CC
999 _c820762
_d820762